LEADER 00774nam0-2200277 --450 001 9910800395703321 005 20240205154840.0 010 $a0126513503 100 $a20240205d1972----kmuy0itay5050 ba 101 0 $aeng 102 $aUS 105 $aa 001yy 200 1 $a<>textbook of plant virus diseases$fKenneth M. Smith 205 $a3. ed 210 $aNew York [etc.]$cAcademic press$dc1972 215 $aX, 684 p.$cill.$d24 cm. 610 0 $aPatologia vegetale 676 $a581.222$v20$zita 700 1$aSmith,$bKenneth M.$087741 801 0$aIT$bUNINA$gREICAT$2UNIMARC 901 $aBK 912 $a9910800395703321 952 $aA PAT 1329$b1342/2024$fFAGBC 959 $aFAGBC 996 $aTextbook of plant virus diseases$9393050 997 $aUNINA LEADER 01599nam0 2200397 i 450 001 CAG0070953 005 20251003044102.0 010 $a8814080860 020 $aIT$b2001-5858 100 $a20020610d2000 ||||0itac50 ba 101 | $aita 102 $ait 181 1$6z01$ai $bxxxe 182 1$6z01$an 200 1 $aˆGli ‰effetti del pignoramento$fAngelo Bonsignori 210 $aMilano$cGiuffrè$d2000 215 $aIX, 150 p.$d25 cm. 225 | $aˆIl ‰Codice civile.$i Commentario 312 $aTit. sul dorso: Artt. 2912-2918.$9CAG0070954 410 0$1001CFI0051308$12001 $aˆIl ‰Codice civile.$i Commentario 517 1 $aArtt. 2912-2918.$9CAG0070954 606 $aPignoramento$2FIR$3CFIC072790$9I 676 $a346$9Diritto privato$v22 676 $a347$9Diritto processuale civile e tribunali civili$v12 676 $a347.45077$9PROCESSO CIVILE. SENTENZA. ITALIA$v21 700 1$aBonsignori$b, Angelo$3CFIV020382$4070$0226454 801 3$aIT$bIT-000000$c20020610 850 $aIT-BN0095 $aIT-AV0007 $aIT-NA0079 $aIT-NA0070 901 $bNAP 01$cCOM $n$ 901 $bNAP AV$cSALA C $nSala consultazione 901 $bNAP BN$cS.MOD $nLa consegna dei documenti è effettuata dall'Ufficio Distribuzione 912 $aCAG0070953 950 0$aBiblioteca Centralizzata di Ateneo$d 01COM (AR) 346.45 COM SCH$e 01AR 0700283195 VMA 1 v.$fB $h20130902$i20130902 977 $a 01$a AV$a BN$a BU 996 $aEffetti del pignoramento$961491 997 $aUNISANNIO